Estructura economica colombiana / (Registro nro. 18276)

Detalles MARC
000 -LEADER
fixed length control field 01664nam a2200313 4500
001 - CONTROL NUMBER
control field 0000021924
003 - CONTROL NUMBER IDENTIFIER
control field CO-CtgCURN
005 - DATE AND TIME OF LATEST TRANSACTION
control field 20250507150219.0
007 - PHYSICAL DESCRIPTION FIXED FIELD--GENERAL INFORMATION
fixed length control field ta
008 - FIXED-LENGTH DATA ELEMENTS--GENERAL INFORMATION
fixed length control field 160627s2005 000 0 eng d
020 ## - INTERNATIONAL STANDARD BOOK NUMBER
International Standard Book Number 958410361X
040 ## - CATALOGING SOURCE
Original cataloging agency CO-CtgCURN
Language of cataloging spa
Transcribing agency coctgcurn
082 0# - DEWEY DECIMAL CLASSIFICATION NUMBER
Classification number 330.9861
Item number A715e
100 1# - MAIN ENTRY--PERSONAL NAME
Personal name Arango Londoño, Gilberto.
245 10 - TITLE STATEMENT
Title Estructura economica colombiana /
Statement of responsibility, etc. Gilberto Arango Londono.
250 ## - EDITION STATEMENT
Edition statement 10a ed.
260 ## - PUBLICATION, DISTRIBUTION, ETC.
Place of publication, distribution, etc. Bogotá :
Name of publisher, distributor, etc. McGraw Hill Interamericana,
Date of publication, distribution, etc. 2005.
300 ## - PHYSICAL DESCRIPTION
Extent 574 p.
336 ## - CONTENT TYPE
Source rdacontent
337 ## - MEDIA TYPE
Source rdamedia
Media type term sin mediacion
Media type code n
338 ## - CARRIER TYPE
Source rdacarrier
Carrier type term volumen
Carrier type code nc
500 ## - GENERAL NOTE
General note Notas al pie del texto.
505 8# - FORMATTED CONTENTS NOTE
Formatted contents note Conceptos basicos.--Aspectos de la situacion demografica colombiana.--Tenencia de la tierra.--La producción agropecuaria.--El cafe.--Recursos naturales: sector energetico.--Recursos naturales: sector minero.--El sector manufacturero.--Sector de servicio: comercio, transporte y comunicaciones.--Comercio exterior y el regimen cambiario.--El arancel aduanero.--Deuda externa.--Las inversiones extranjeras en colombia.--La integracion economica.--Ahorro nacional.--El sector financiero.--El banco de la republica.--El presupuesto nacional.--Inflacion, salario y control de precios.--Economia informal y subterranea.--El sector de la contrucción.--El problema de la educación.--La salud.--La planeacion economica
650 14 - SUBJECT ADDED ENTRY--TOPICAL TERM
Topical term or geographic name entry element Economia colombiana.
908 ## - PUT COMMAND PARAMETER (RLIN)
Put command parameter 160627
942 ## - ADDED ENTRY ELEMENTS (KOHA)
Koha item type Libros
Classification part 330.9861
Item part A715e
Source of classification or shelving scheme Dewey Decimal Classification
Suppress in OPAC No
Existencias
Withdrawn status Lost status Source of classification or shelving scheme Damaged status Not for loan Collection Home library Current library Shelving location Date acquired Inventory number Total checkouts Full call number Barcode Date last seen Copy number Price effective from Koha item type Public note
    Dewey Decimal Classification     General Miguel Henríquez Castañeda Miguel Henríquez Castañeda General 03/31/2025 002958   330.9861 A715e 002958 03/31/2025 ej.1 03/31/2025 Libros 330-ECONOM
    Dewey Decimal Classification     General Miguel Henríquez Castañeda Miguel Henríquez Castañeda General 03/31/2025 013242   330.9861 A715e 013242 03/31/2025 ej.2 03/31/2025 Libros 330-ECONOM